| 000 | 00965nam a22002897a 4500 | ||
|---|---|---|---|
| 003 | DO-SdBNP | ||
| 005 | 20251001101959.0 | ||
| 007 | ta | ||
| 008 | 110823s1900 dr 001 0 spa d | ||
| 040 |
_aDO-SdBNP _bspa _cBNPHU _erda |
||
| 041 | _aspa | ||
| 082 | 4 |
_a348.7293022 _bR426cole 1900 _222 |
|
| 110 | 1 |
_aRepública Dominicana _9447 |
|
| 240 | 1 | 0 | _a[Leyes, etc.] |
| 245 | 1 | 0 | _aColección de leyes, decretos y resoluciones emanados de los poderes legislativo y ejecutivo de la República Dominicana. |
| 250 | _aEdición oficial | ||
| 264 | 1 |
_aSanto Domingo : _bImprenta de El Liberal, _c1900. |
|
| 300 |
_avolumenes ; _c28 cm. |
||
| 336 |
_2rdacontent _atexto _btxt |
||
| 337 |
_2rdamedia _asin mediación _bn |
||
| 338 |
_2rdacarrier _avolumen _bnc |
||
| 590 | _aInventariado, 2025/BT | ||
| 650 | 4 |
_aDerecho _zRepública Dominicana _935307 |
|
| 650 | 4 |
_aLegislación por decretos _zRepública Dominicana _935308 |
|
| 910 | _aBtavárez | ||
| 942 |
_2ddc _cLBS1 |
||
| 999 |
_c59905 _d59905 |
||